Loading...
| Science - Chemistry | 0 | 4 | 1 | 1 | 35 | 96 | 99.00 | 2 | 2 | 2.32 | 21.21 |
| Fine Arts - Other | 0 | 2 | 0 | 1 | 20 | 63 | 83.50 | 0 | 1 | 5.70 | 10.61 |
| Religion | 0 | 2 | 0 | 1 | 20 | 94 | 101.50 | 0 | 0 | 2.25 | 4.55 |
| Popular Culture | 0 | 1 | 0 | 0 | 10 | 92 | 92.00 | 0 | 0 | 9.35 | 4.17 |
| Mythology | 0 | 1 | 0 | 1 | 10 | 129 | 129.00 | 0 | 0 | 0.00 | 1.52 |
| History - American | 0 | 1 | 0 | 0 | 10 | 63 | 63.00 | 0 | 1 | 3.93 | 3.64 |
| History - European | 0 | 1 | 0 | 1 | 10 | 123 | 123.00 | 0 | 0 | 0.00 | 1.52 |
| Science - Biology | 0 | 1 | 2 | 0 | 0 | 85 | 85.00 | 0 | 1 | 1.94 | 4.55 |
| Science - Other | 0 | 0 | 0 | 0 | 0 | 0.00 | 0 | 0 | 0.00 | 0.00 | |
| Science - Physics | 0 | 0 | 1 | 0 | -5 | 0.00 | 0 | 0 | 0.00 | 0.00 | |
| Fine Arts - Classical Music | 0 | 0 | 2 | 0 | -10 | 0.00 | 0 | 0 | 0.00 | 0.00 |